000 00700nam a2200157 a 4500
001 000039989
005 20201002033842.0
008 130802s2010 mx 000 0 spa d
020 _a9786070218439
040 _aDO-SdBNP
_bspa
_cBNPHU
100 1 _aJohansson, Patrickautor
_966215
245 1 3 _aEl Español y el Náhuatl :
_bencuentros, desencuentros y reencuentros : discurso de ingreso a la Academia Mexicana de la Lengua, 26 de agosto de 2010 /
_cPatrick Johansson ; respuesta de Miguel León-Portilla.
260 _aMéxico :
_bDirección General de Publicaciones y Fomento Editorial :
_bAcademia Mexicana de la Lengua,
_c2010.
300 _a69 p. ;
_c2010.
700 1 _aLeón-Portilla, Miguel
_942636
999 _c39479
_d39479